000 01173cam a2200289 ia4500
003 SA-RiAUC
005 20241118080748.0
008 241118s2007 xxk g 000 0 ara c
020 _z1905650064
020 _a4069056501
040 _aSA-RiIMS
_bara
_cSA-RiAUC
_erda
050 4 _b.I43 2007
082 0 4 _a250.8
_qSA-RiAUC
090 _a250.8
_bا م ا
100 1 _aإمام، محمد كمال الدين،
_d1946-2020
_eمؤلف.
245 1 2 _aالدليل الإرشادي إلى مقاصد الشريعة الإسلامية :
_bكتب، رسائل، أبحاث /
_cمحمد كمال الدين أمام.
250 _aالطبعة الأولى.
264 1 _aلندن :
_bمؤسسة الفرقان للتراث الإسلامي، مركز دراسات مقاصد الشريعة الإسلامية،
_c2007
300 _a5 مجلد ؛
_c24 سم
336 _aنص
_btxt
_2rdacontent
_3كتاب
337 _aبدون وسيط
_bn
_2rdamedia
338 _aمجلد
_bnc
_2rdacarrier
650 7 _aالشريعة الإسلامية
_2aucsh
650 7 _aمقاصد الشريعة
_2aucsh
942 _2ddc
_cBOOK
949 _aSA-JeALM
_d241118
_ukhaled123
_n1
999 _c2455
_d2455